Addresses to children. (Record no. 12272)

000 -LEADER
fixed length control field 00556nam a2200181 a 4500
001 - CONTROL NUMBER
control field :::00010074$&:&@@
003 - CONTROL NUMBER IDENTIFIER
control field OkBaRHE
005 - DATE AND TIME OF LATEST TRANSACTION
control field 20000607103356.0
008 - FIXED-LENGTH DATA ELEMENTS--GENERAL INFORMATION
fixed length control field s1922 j 000 0 eng u
040 ## - CATALOGING SOURCE
Transcribing agency
100 1# - MAIN ENTRY--PERSONAL NAME
Personal name Cohen, Mrs. Nathaniel L.
245 10 - TITLE STATEMENT
Title Addresses to children.
260 ## - PUBLICATION, DISTRIBUTION, ETC. (IMPRINT)
Place of publication, distribution, etc London, UK:EN., :
Name of publisher, distributor, etc George Routledge & Sons, Ltd.
Date of publication, distribution, etc c1922
300 ## - PHYSICAL DESCRIPTION
Extent 115 p. ;
Dimensions 20 cm.
650 ## - SUBJECT ADDED ENTRY--TOPICAL TERM
Topical term or geographic name as entry element Children's Sermons
942 ## - ADDED ENTRY ELEMENTS (KOHA)
Source of classification or shelving scheme
Koha item type Books
Copies
Barcode Withdrawn status Koha item type Full call number Permanent Location Date acquired Not for loan Date last seen Shelving location Damaged status Source of classification or shelving scheme Price effective from Lost status Copy number
10074 BooksBV 4315 .C544RHEMA Bible Training College2010-04-14 2010-04-14General Stacks  2010-04-14 1